000 00556nam a2200193 a 4500
001 13843
003 CO-ViMGA
008 141112s2004 ck r 000 u spa d
020 _a0632029358
040 _aCO-ViMGA
_bspa
_cCO-ViMGA
082 0 4 _a636.0896521 G715e
100 1 _aGrant, D. I.
_920177
245 1 0 _aEnfermedades de la piel en perros y gatos
260 _aMexico D.F. :
_bMcgraw - Hill,
_c191998
300 _a203
650 1 4 _aDERMATOLOGIA VETERINARIA PERROS - ENFERMEDADES
_920178
650 1 4 _aGATOS - ENFERMEDADES
_920179
942 _2ddc
_cBK
999 _c24545
_d24545